000
00264pam a2200133 a 4500
020
_c
041
_h
082
_a
612.076
_b
HSU
100
_a
Hsu, B. .
245
_a
Physiology /
_c
_h
Textual Documents
300
_a
249:
_c
930
_a
6094
999
_c
6093
_d
6093